00778nam a2200253 a 450000100060000000300090000600800410001502000180005604000280007404100080010210000290011024501010013926000350024030000210027549000170029665000230031365000230033665000240035965000240038365000280040765000390043570000290047470000210050324363CO-ViMGA141112s2004 ck r 000 u spa d a9789588654041 aCO-ViMGAbspacCO-ViMGA aSPA1 aDubuc, Marianne, 1996 - 10aUn elefante se balanceaba / cTexto e ilustración Marianne Dubuc; traducción Celia Turrión aColombia : bEdelvives, c2011 a24 p. : il. col. aLuciérnaga14aANIMALES - POESIA 14aAUTORES FRANCESES 14aDESDE LOS 3 AÑOS 14aELEFANTES - POESIA 14aILUSTRADORES FRANCESES 14aLEER ES MI CUENTO - COLECCION 20111 aDubuc, Marianne, 1996 - 1 aTurrión, Celia